|
|
|
|
| LEADER |
01222cam a2200361Ia 4500 |
| 001 |
9780203405239 |
| 003 |
FlBoTFG |
| 005 |
20091230162924.0 |
| 006 |
a|||||s||||||||||| |
| 007 |
cr|||| |
| 008 |
891127s1990 enk sb 001 0 eng d |
| 020 |
|
|
|a 9780203405239 (e-book : PDF)
|
| 040 |
|
|
|a FlBoTFG
|c FlBoTFG
|d GrThAP
|
| 090 |
|
|
|a BJ1461
|b .G67 1990
|
| 092 |
|
|
|a 128.3
|b G676
|
| 100 |
1 |
|
|a Gosling, J. C. B.
|q (Justin Cyril Bertrand)
|
| 245 |
1 |
0 |
|a Weakness of the will
|h [electronic resource] /
|c Justin Gosling.
|
| 260 |
|
|
|a London ;
|a New York :
|b Routledge,
|c 1990.
|
| 300 |
|
|
|a ix, 221 p.
|
| 490 |
1 |
|
|a The Problems of philosophy
|
| 504 |
|
|
|a Includes bibliographical references (p. 209-212) and indexes.
|
| 530 |
|
|
|a Also available in print edition.
|b CRC Press (http://www.crcpress.com)
|
| 538 |
|
|
|a Mode of access: World Wide Web.
|
| 650 |
|
0 |
|a Will
|x History.
|
| 650 |
|
0 |
|a Ethics
|x History.
|
| 650 |
|
0 |
|a Self-control
|x History.
|
| 650 |
|
0 |
|a Will.
|
| 650 |
|
0 |
|a Ethics.
|
| 650 |
|
0 |
|a Self-control.
|
| 655 |
|
7 |
|a Electronic books.
|2 lcsh
|
| 776 |
1 |
|
|z 9780415034357
|
| 830 |
|
0 |
|a Problems of philosophy (Routledge (Firm))
|
| 856 |
4 |
0 |
|u http://www.tandfebooks.com/isbn/9780203405239
|z Full Text via HEAL-Link
|